| 000 | 00644cab a2200241 4500 | ||
|---|---|---|---|
| 001 | X381 | ||
| 008 | 090401t1993 xxu||||| |||| 00| 0 eng d | ||
| 035 | _a(Sirsi) u65355 | ||
| 041 | _aeng | ||
| 245 | _aSouth Lakeland DC v Wind Energy Group Ltd | ||
| 260 | _c1993 | ||
| 350 | _a0 | ||
| 490 |
_aCS Monthly : Rural Practice _v2(4) January 1993, 6(1) |
||
| 650 | _aLAW OF PROPERTY ACT 1925 S194 | ||
| 650 | _aPLANNING APPEALS | ||
| 650 | _aSITES OF SPECIAL SCIENTIFIC INTEREST | ||
| 650 | _aWIND FARMS | ||
| 650 | _aWIND TURBINES | ||
| 650 | _aWINDMILLS | ||
| 690 | _aPLANNING LAW AND PRACTICE | ||
| 942 | _n0 | ||
| 948 | _c04/03/1997 | ||
| 999 |
_c40754 _d40754 |
||